| 000 | 00373nam a2200157Ia 4500 | ||
|---|---|---|---|
| 008 | 210210b1957 xxu||||| |||| 00| 0 eng d | ||
| 041 | _aeng | ||
| 082 | _a821/240 | ||
| 100 | _aGARDNER (Helen) Ed | ||
| 245 | _aMetaphysical poets | ||
| 260 |
_aUSA _bPenguin Books _c1957 |
||
| 650 | _apoets | ||
| 650 | _aMetaphysical | ||
| 690 | _aEnglish Literature | ||
| 906 | _a011409 | ||
| 999 |
_c130086 _d130086 |
||